000 00458ntaaa2200193 4500
003 01
005 20251027201924.0
008 0714s1973 ag 01
040 _aAR-BaBN
_bspa
_cAR-BaBN
_eaacr
_dRIC
082 _a244.3000 M65d
100 _aMingorance, Oscar
_917516
245 _aDe Irlanda a Argentina con amor
250 _a1 ed.
260 _aEl Paso :
_bCBP,
_c1981
300 _a128 p.
500 _anovela
650 _aNovelas
_96669
942 _cBK
999 _c13950
_d13950